Don Quijote de la mancha
Kaydedildi:
| Yazar: | |
|---|---|
| Materyal Türü: | Kitap |
| Dil: | İspanyolca |
| Baskı/Yayın Bilgisi: |
Zaragoza
Ebro
1979
|
| Edisyon: | 12a. ed |
| Seri Bilgileri: | Biblioteca Clásica Ebro, 56-57
|
| Konular: | |
| Etiketler: |
Etiketle
Etiket eklenmemiş, İlk siz ekleyin!
|
MARC
| LEADER | 00000nam a2200000 a 4500 | ||
|---|---|---|---|
| 001 | UCR3368 | ||
| 003 | CL-VaPUC | ||
| 008 | 980124e19790000SP |||||||||||||||||spa|d | ||
| 082 | 0 | 4 | |a 863 |b CER |2 21 |
| 100 | |a Cervantes y Saavedra, Miguel de |e author |9 267947 | ||
| 245 | 1 | 0 | |a Don Quijote de la mancha |
| 250 | |a 12a. ed | ||
| 300 | |a v | ||
| 942 | |c BK | ||
| 945 | |d 19980124 00:00:00 |a aolguin | ||
| 260 | |a Zaragoza |b Ebro |c 1979 | ||
| 650 | 0 | |a Novelas españolas |9 265052 | |
| 650 | 0 | |a Literatura española |9 306261 | |
| 583 | |a last modification |c 19980124 00:00:00 |k Rodrigo Vera | ||
| 490 | 0 | |a Biblioteca Clásica Ebro, 56-57 | |
| 999 | |c 266448 |d 266446 | ||
| 952 | |0 0 |1 0 |4 0 |6 863_000000000000000_CER_1979 |7 0 |8 A |9 298042 |a BIBEDU |b BIBEDU |d 2019-11-20 |h v.1 |i 1937553 |l 1 |o 863 CER 1979 |p 1937553 |r 2023-10-18 |s 2023-10-11 |w 2019-11-20 |y BK |k LIT | ||